| 000 | nam a22 7a 4500 | ||
|---|---|---|---|
| 999 |
_c7226 _d7226 |
||
| 003 | OSt | ||
| 005 | 20190530121301.0 | ||
| 008 | 190530e201806 spc||||| |||||0|| 0 cat|d | ||
| 017 |
_aDL B13964-2018 _bBiblioteca de Catalunya |
||
| 020 | _a9788491801955 | ||
| 040 |
_aES-BaUOC _bcat _cCDMR |
||
| 100 | 1 | _aTorras i Segura, Daniel, | |
| 245 | 1 | 3 |
_aLa Ràdio _b: mitjà, recursos i gèneres / _cDaniel Torras i Segura; pròleg de Saül Gordillo |
| 260 |
_aBarcelona : _bUOC, _c2018 |
||
| 300 |
_a158 p. ; _c22 cm |
||
| 504 | _aBibliografia | ||
| 650 | 0 | 4 |
_aRàdio _92800 _xLlenguatge |
| 650 | 0 | 4 |
_aRàdio _xProgramació _91724 |
| 700 | 1 | _aGordillo, Saül, | |
| 942 | _cMON | ||